| 000 | 00000nam 2200000za 4500 |
| 001 | 9.593246 |
| 003 | CaOODSP |
| 005 | 20210624201729 |
| 007 | cr ||||||||||| |
| 008 | 150406s2006||||xxc|||||o f|0| 0 fre d |
| 020 | |a0-662-71816-X |
| 040 | |aCaOODSP|bfre |
| 043 | |an-cn--- |
| 086 | 1 |aCW69-14/505-2006F-PDF |
| 110 | 2 |aService canadien de la faune. |
| 245 | 10|aÉvaluation et rapport de situation du COSEPAC sur la Tortue peinte de l'Ouest, Chrysemys picta bellii, population de la côte du Pacifique, population intramontagnarde - des Rocheuses, population des Prairies / Boréale de l'Ouest - Bouclier canadien, au Canada |h[ressource électronique]. |
| 260 | |bEnvironnement Canada, |c2006. |
| 300 | |a51 p.|bcartes (certaines en couleur), références, tableaux, photographies |
| 500 | |aPubl. aussi en anglais sous le titre : COSEWIC assessment and status report on the Western Painted Turtle, Chrysemys picta bellii, Pacific Coast population, Intermountain - Rocky Mountain population, Prairie/Western Boreal - Canadian Shield population, in Canada. |
| 500 | |a«Population de la côte du Pacifique - spèce en voie de disparition, population intramontagnarde - des Rocheuses - espèce préoccupante, population des Prairies/Boréale de l'Ouest - Bouclier canadien - espèce non en péril, 2006» |
| 504 | |aBibliographie. |
| 590 | |a07-05|b2007-02-02 |
| 691 | 07|aEspèce menacée|2gcpds |
| 691 | 07|aReptile|2gcpds |
| 775 | 08|tCOSEWIC assessment and status report on the Western Painted Turtle, Chrysemys picta bellii, Pacific Coast population, Intermountain - Rocky Mountain population, Prairie/Western Boreal - Canadian Shield population, in Canada |w(CaOODSP)9.560579 |
| 856 | 40|ahttp://publications.gc.ca|qPDF|s1181 Ko|uhttps://publications.gc.ca/collections/Collection/CW69-14-505-2006F.pdf |